000 00823nam a22002177a 4500
999 _c3172
_d3172
003 AR-CdUCM
008 190306b ||||| |||| 00| 0 esp d
040 _aMUNICIPALIDAD PROVINCIAL DEL CUSCO
_cBIBLIOTECA MUNICIPAL DEL CUSCO
082 _a868.6 /
_bC46
100 _aCela, Camilo José
_9347
245 _aLa familia de Pascual Duarte /
_cCamilo José Cela
260 _aBuenos Aires ;
_bEmece,
_c1952.
300 _a179 paginas ;
_c17 cm.
505 _aPrologo de G. Marañón -- Nota del transcriptor -- Carta anunciando el envío del original -- Clausula del testamento ológrafo de don Joaquín Barrera López ...
650 _aNovelas españolas
_9584
650 _aSiglo XX
_98
650 _aViolencia en la literatura
_910674
650 _aLiteratura contemporánea
_9759
942 _2ddc
_cLIBROS
945 _aacrt